ბათუმის შოთა რუსთაველის სახელმწიფო უნივერსიტეტის ბიბლიოთეკა

წამებაი წმიდისა შუშანიკისი დედოფლისაი (ბიბ.ჩანაწერი № 48771)

000 -LEADER
fixed length control field 00862nam a2200229Ia 4500
001 - CONTROL NUMBER
control field 15672
003 - CONTROL NUMBER IDENTIFIER
control field GE_BSU
008 - FIXED-LENGTH DATA ELEMENTS--GENERAL INFORMATION
fixed length control field 181216s||||||||xx |||||||||||||| ||und||
040 ## - CATALOGING SOURCE
Transcribing agency GE_BSU
080 ## - UNIVERSAL DECIMAL CLASSIFICATION NUMBER
Universal Decimal Classification number 821.353.1(ჰაგიოგრაფია)+ 821.353.1-97
100 ## - MAIN ENTRY--PERSONAL NAME
Personal name ი.ხუცესი
245 ## - TITLE STATEMENT
Title წამებაი წმიდისა შუშანიკისი დედოფლისაი
245 ## - TITLE STATEMENT
Remainder of title მოთხრობა
245 ## - TITLE STATEMENT
Statement of responsibility, etc. რედ.ა.ბრეგვაძე.მხ.კ.ფაჩულია
260 ## - PUBLICATION, DISTRIBUTION, ETC.
Place of publication, distribution, etc. თბილისი
260 ## - PUBLICATION, DISTRIBUTION, ETC.
Name of publisher, distributor, etc. ნაკადული
260 ## - PUBLICATION, DISTRIBUTION, ETC.
Date of publication, distribution, etc. 1979
300 ## - PHYSICAL DESCRIPTION
Extent 65გვ. : ილ. ; 17სმ
653 ## - INDEX TERM--UNCONTROLLED
Uncontrolled term მოთხრობა
653 ## - INDEX TERM--UNCONTROLLED
Uncontrolled term წამებაი წმიდისა შუშანიკისი დედოფლისაი
942 ## - ADDED ENTRY ELEMENTS (KOHA)
Koha item type წიგნი
ეგზემპლარები
Withdrawn status Lost status Damaged status Not for loan Date acquired Barcode Date last seen Price effective from Koha item type
        2018-12-17 38681 2018-12-17 2018-12-17 წიგნი
        2018-12-17 38682 2018-12-17 2018-12-17 წიგნი
        2018-12-17 38683 2018-12-17 2018-12-17 წიგნი
        2018-12-17 38684 2018-12-17 2018-12-17 წიგნი